Episodes of the Amazing Digital Circus - Statistics

General Stats
  • This quiz has been taken 42 times
    6 since last reset
  • The average score is 6 of 8
Answer Stats
Answer % Correct
THE AMAZING DIGITAL CIRCUS - Ep. 6: They All Get Guns
100%
THE AMAZING DIGITAL CIRCUS - Ep. 2: Candy Carrier Chaos!
83%
THE AMAZING DIGITAL CIRCUS - Ep. 7: Beach Episode
83%
THE AMAZING DIGITAL CIRCUS: PILOT
83%
THE AMAZING DIGITAL CIRCUS - Ep. 3: The Mystery Of Mildenhall Manor
67%
THE AMAZING DIGITAL CIRCUS - Ep. 4: Fast Food Masquerade
67%
THE AMAZING DIGITAL CIRCUS - Ep. 5: Untitled
67%
THE AMAZING DIGITAL CIRCUS - Ep. 8: hjsakldfhl
33%
No matching quizzes found
Score Distribution
Percent of People with Each Score
Percentile by Number Answered
Your Score History
You have not taken this quiz since the last reset